Greatest Nets NBA Players - Statistics

General Stats
  • This quiz has been taken 139 times
  • The average score is 10 of 16
Answer Stats
Picture Answer % Correct
Kevin Durant
99%
Jason Kidd
98%
Brook Lopez
96%
James Harden
96%
Vince Carter
95%
Julius Erving
93%
Kyrie Irving
91%
D'Angelo Russell
74%
Richard Jefferson
64%
Deron Williams
54%
Drazen Petrovic
45%
Kenyon Martin
28%
Rick Barry
25%
Derrick Coleman
19%
Buck Williams
14%
Kenny Anderson
12%
No matching quizzes found
Score Distribution
Percent of People with Each Score
Percentile by Number Answered
Your Score History
You have not taken this quiz